Mathcad PLUS 5.0 : User's guide

Saved in:
Bibliographic Details
Format: Book
Language:English
Published: Cambridge : MathSoft Inc, 1994
Edition:1.vyd.
Subjects:
Tags: Add Tag
No Tags, Be the first to tag this record!

MARC

LEADER 00000nam a22000003a 4500
001 stu8065
005 20141122095335.2
008 951002s1994----xxu-----------------eng-d
040 |a STU  |b slo 
041 0 |a eng 
044 |a xxu 
080 |a 681.327.11.06 
080 |a Mathcad 
080 |a 519.674 
080 |a 519.68 
084 |a C6130B  |2 INS 
084 |a D2020  |2 INS 
245 |a Mathcad PLUS 5.0 :  |b User's guide 
250 |a 1.vyd. 
260 |a Cambridge :  |b MathSoft Inc,  |c 1994 
300 |a 550 s 
650 7 |a grafické editory  |2 stusub 
650 7 |a počítačové programy  |2 stusub 
996 |b E80120  |c E*80120  |l EE09  |s P  |a 0  |w stu8065_0001